000 00707nam a22002177a 4500
003 UA-OsUOA
001 120095
007 ta
008 20161208b un ||||| |||| 00| 0 ukr d
100 _aПухир С. Т.
090 _a330(477)
_bП90
942 _cSA
040 _aUA-OsUOA
_bukr
_cUA-OsUOA
_dUA-OsUOA
245 _aСучасні підходи у формуванні та реалізації державної політики регіонального розвитку
300 _aС.26-34
955 _a0
041 _aukr
080 _a330(477)
773 0 _w120091
_tРегіональна економіка
_dЛьвів
_d2016
_g3
650 7 _a330 Економіка взагалі
_2UDC
999 _c406158
_d406158